000 00555nam a22001937a 4500
003 DO-SdBNP
005 20210921085202.0
007 ta
008 210920e2018 dr a|||er|||| 001 p spa d
020 _a9789945091403
040 _aDO-SdBNP
_bspa
_cBNPHU
_eBNPHU
082 4 _bJ36n
_222
100 1 _919071
_aJáquez Gil, René,
_d1950-
245 1 0 _aNarraciones cortas de amor y desamor /
_cRené Jáquez Gil
260 _aSanto Domingo :
_bVTorres Corporán,
_c2018
300 _a88 p.:
_bil.;
_c22 cm
590 _aInventariado 2021 / MF
942 _2ddc
_cLBS1
999 _c50575
_d50575